সমাজ্তাত্ত্ৱিক্ চিন্তাবিদ্ / somajtatwik chintabid (Record no. 16426)

MARC details
000 -LEADER
fixed length control field 00652nam a22002177a 4500
008 - FIXED-LENGTH DATA ELEMENTS--GENERAL INFORMATION
fixed length control field 260423b |||||||| |||| 00| 0 eng d
020 ## - INTERNATIONAL STANDARD BOOK NUMBER
International Standard Book Number 9788119679003
Price 180
040 ## - CATALOGING SOURCE
Original Cataloguing agency Sibsagar Commerce College Central Library
041 ## - LANGUAGE CODE
Language code of text/sound track or separate title Assamese
082 ## - DEWEY DECIMAL CLASSIFICATION NUMBER
Classification number 301.0922
Book Number BOR
100 ## - MAIN ENTRY--PERSONAL NAME
Personal name Bora, B.
Fuller form of name Bora, Biranci Kumar
245 ## - TITLE STATEMENT
Title সমাজ্তাত্ত্ৱিক্ চিন্তাবিদ্ / somajtatwik chintabid
Sub Title sociological thinker
250 ## - EDITION STATEMENT
Edition statement 1st ed.
260 ## - PUBLICATION, DISTRIBUTION, ETC.
Place of publication, distribution, etc. Jorhat
Name of publisher, distributor, etc. Bidya Bhawan
Date of publication, distribution, etc. 2025
300 ## - PHYSICAL DESCRIPTION
Pages 175
Dimensions 14 x 21
505 ## - FORMATED CONTENTS NOTE
Formated content notes NEP<br/>for 4th sem <br/>sociology
650 ## - Subject
Subject sociology
700 ## - Added Entry Personal Name
Personal Name Gayan, Priyanka
942 ## - ADDED ENTRY ELEMENTS (KOHA)
Source of classification or shelving scheme Dewey Decimal Classification
Koha item type Books
Holdings
Withdrawn status Lost status Source of classification or shelving scheme Damaged status Not for loan Collection code Home library Current library Shelving location Date acquired Source of acquisition Cost, normal purchase price Total Checkouts Full call number Barcode Date last seen Copy number Cost, replacement price Price effective from Koha item type
    Dewey Decimal Classification     Sociology Sibsagar Commerce College Central Library Sibsagar Commerce College Central Library General Stacks 10/04/2026 Kitap Ghar 180.00   301.0922 BOR 29247 23/04/2026 1 360.00 23/04/2026 Books
    Dewey Decimal Classification     Sociology Sibsagar Commerce College Central Library Sibsagar Commerce College Central Library General Stacks 10/04/2026 Kitap Ghar 180.00   301.0922 BOR 29248 23/04/2026 2 360.00 23/04/2026 Books
    Dewey Decimal Classification     Sociology Sibsagar Commerce College Central Library Sibsagar Commerce College Central Library General Stacks 10/04/2026 Kitap Ghar 180.00   301.0922 BOR 29249 23/04/2026 3 360.00 23/04/2026 Books


Sibsagar Commerce College © 2020. All rights reserved.
Powered by Koha.
Hosted by LIBKART.